Estudio sobre las regalias de la corona de España / (Record no. 112260)

MARC details
000 -LEADER
campo de control de longitud fija 00640nam a2200181 4500
001 - NÚMERO DE CONTROL
campo de control 112260
003 - IDENTIFICADOR DE NÚMERO DE CONTROL
campo de control ES-MaACL
005 - FECHA Y HORA DE LA ÚLTIMA TRANSACCIÓN
campo de control 20231221152303.0
007 - CAMPO FIJO DE DESCRIPCIÓN FÍSICA--INFORMACIÓN GENERAL
campo de control de longitud fija t|
008 - DATOS DE LONGITUD FIJA--INFORMACIÓN GENERAL
campo de control de longitud fija 061121s1910 sp r ||||1| spa d
100 1# - ENTRADA PRINCIPAL--NOMBRE DE PERSONA
Nombre de persona Nido y Segalerva, Juan del.
9 (RLIN) 85616
245 10 - MENCIÓN DEL TÍTULO
Título Estudio sobre las regalias de la corona de España /
Mención de responsabilidad, etc. por D. Juan del Nido y Segalerva; con un prólogo del Excmo. Sr. D. José Canalejas y Méndez.
260 ## - PUBLICACIÓN, DISTRIBUCIÓN, ETC.
Lugar de publicación, distribución, etc. Madrid :
Nombre del editor, distribuidor, etc. Sucesores de Hernando,
Fecha de publicación, distribución, etc. 1910.
300 ## - DESCRIPCIÓN FÍSICA
Extensión XXII, 232 p. ;
Dimensiones 25 x 17 cm.
700 1# - ENTRADA AGREGADA--NOMBRE PERSONAL
Nombre de persona Canalejas, José,
Fechas asociadas al nombre 1854-1912
9 (RLIN) 34382
852 ## - LOCALIZACIÓN
Ubicación ES-MaACL
Número de control de estantería G-9527
Holdings
Estatus retirado Estado de pérdida Estado de daño No para préstamo Biblioteca de origen Biblioteca actual Ubicación en estantería Fecha de adquisición Fuente de adquisición Total de préstamos Signatura topográfica completa Código de barras Visto por última vez Precio de reemplazo Tipo de ítem Koha
        Biblioteca del Ateneo de Madrid Biblioteca del Ateneo de Madrid Sala Pecera Planta 3 17/01/2008     G-9527 1117102 23/02/2023 23/02/2023 Libro impreso